[Event "Tourn. n7858"]
[Site "www.chess-mail.com"]
[Date "2014.12.23"]
[Round "1"]
[White "Anja"]
[Black "Bojan"]
[WhiteElo "1850"]
[BlackElo "1960"]
[Result "1-0"]
[Round "1"]
1.e4 c5
2.Nb1c3 e5
3.g3 Ng8f6
4.Bf1g2 Qd8b6
5.d3 d6
6.Ng1e2 Nf6g4
7.O-O Nb8c6
8.Ra1b1 h6
9.h3 Ng4f6
10.Kh2 Bc8e6
11.Bc1e3 Nc6d4
12.f4 Nd4xe2
13.Nc3xe2 exf4
14.Ne2xf4 Be6xa2
15.Rb1a1 Qb6xb2
16.Qd1e2 b6
17.e5 dxe5
18.Bg2xa8 Bf8d6
19.Nf4g2 O-O
20.Ba8e4 Rf8e8
21.Ra1e1 Nf6xe4
22.dxe4 b5
23.Qe2f2 f6
24.Be3xc5 Bd6xc5
25.Qf2xc5 a5
26.Ng2e3 Ba2e6
27.Re1b1 Qb2a2
28.Rb1a1 Qa2b2
29.Rf1b1 Qb2d4
30.Qc5xd4 exd4
31.Ne3d5 Be6d7
32.Ra1xa5 Re8xe4
33.Nd5f4 Bd7e8
34.Rb1f1 g5
35.Nf4d3 Be8g6
36.Ra5xb5 Re4e2
37.Kg1 Re2xc2
38.Nd3e1 Rc2c3
39.Rf1xf6 Kg7
40.Rb5b6 Bg6e4
41.Rf6e6 Be4d5
42.Re6e7 Kf8
43.Re7d7 Bd5f7
44.Rb6f6 { resign }
1-0

[Event "Tourn. n7853"]
[Site "www.chess-mail.com"]
[Date "2014.12.23"]
[Round "1"]
[White "Julian"]
[Black "Hundegana"]
[WhiteElo "2010"]
[BlackElo "2000"]
[Result "1-0"]
[Round "1"]
1.e4 c5
2.Ng1f3 d6
3.c3 Bc8d7
4.d4 a6
5.Bc1e3 Ng8f6
6.e5 Nf6d5
7.Be3g5 h6
8.Bg5h4 g5
9.Bh4g3 Nb8c6
10.exd6 exd6
11.Bf1c4 Nd5b6
12.Bc4b3 Qd8e7
13.Kf1 O-O-O
14.a4 Bf8g7
15.a5 Nb6a8
16.Nb1a3 Rh8e8
17.Na3c4 Bd7e6
18.d5 Be6xd5
19.Qd1xd5 Qe7e2
20.Kg1 Qe2e6
21.Qd5xe6 fxe6
22.Nc4xd6 Rd8xd6
23.Bg3xd6 Bg7f8
24.Bd6xf8 Re8xf8
25.Bb3xe6 Kb8
26.Nf3d2 Na8c7
27.Be6g4 Nc6e5
28.Bg4e2 Nc7e6
29.Nd2e4 Kc7
30.f3 Kc6
31.Kf2 Ne6f4
32.Rh1d1 Nf4xe2
33.Kxe2 Ne5c4
34.b4 cxb4
35.cxb4 Kb5
36.Rd1d5 Kxb4
37.Rd5d4 Kb3
38.Ra1b1 Nc4b2
39.Ne4d2 Kc3
40.Rd4e4 Rf8c8
41.Re4e3 Kc2
42.Re3e7 Rc8b8
43.Re7e6 h5
44.Re6b6 Nb2a4
45.Rb6xb7 Rb8e8
46.Nd2e4 g4
47.Rb1b4 Na4c3
48.Kf2 Nc3d1
49.Kg3 gxf3
50.gxf3 Nd1e3
51.Rb7c7 Kd1
52.Rb4d4 Ke2
53.Rd4d2 Ke1
54.Rc7c1 { resign }
1-0

[Event "Tourn. n7835"]
[Site "www.chess-mail.com"]
[Date "2014.12.23"]
[Round "1"]
[White "Vasylpuzanov"]
[Black "Bigoak"]
[WhiteElo "1870"]
[BlackElo "1970"]
[Result "1-0"]
[Round "1"]
1.e4 c6
2.d4 d5
3.exd5 cxd5
4.Ng1f3 Bc8g4
5.Bf1e2 Nb8c6
6.O-O Ng8f6
7.a3 e6
8.Bc1g5 Bf8e7
9.Nb1c3 O-O
10.h3 Bg4h5
11.Bg5e3 a6
12.Nf3e5 Bh5xe2
13.Qd1xe2 Ra8c8
14.f4 Nf6e4
15.Nc3xe4 dxe4
16.c3 f6
17.Ne5xc6 Qd8d7
18.Nc6xe7 Qd7xe7
19.f5 exf5
20.Rf1xf5 g6
21.Rf5c5 Rc8d8
22.Be3f4 Rd8d7
23.Ra1e1 f5
24.Qe2c4 Kg7
25.Bf4e5 Kh6
26.Qc4e2 Qe7e6
27.Qe2e3 Kh5
28.Be5f6 Rf8xf6
29.g4 Kh4
30.Qe3h6 { resign }
1-0

[Event "Tourn. n7911"]
[Site "www.chess-mail.com"]
[Date "2014.12.23"]
[Round "1"]
[White "Roqueur"]
[Black "Woodpusher2"]
[WhiteElo "2560"]
[BlackElo "2460"]
[Result "1-0"]
[Round "1"]
1.e4 c6
2.d4 d5
3.Nb1c3 dxe4
4.Nc3xe4 Bc8f5
5.Ne4g3 Bf5g6
6.h4 h6
7.Ng1f3 Nb8d7
8.h5 Bg6h7
9.Bf1d3 Bh7xd3
10.Qd1xd3 e6
11.Bc1f4 Qd8a5
12.Bf4d2 Bf8b4
13.c3 Bb4e7
14.c4 Qa5c7
15.O-O-O Ng8f6
16.Kb1 O-O
17.Qd3e2 a5
18.Ng3e4 Rf8e8
19.Ne4c3 a4
20.g4 Nf6h7
21.Rh1g1 a3
22.b3 Kh8
23.Nc3e4 f6
24.Nf3h4 Nh7f8
25.f4 f5
26.g5 fxe4
27.gxh6 Be7f6
28.f5 Re8e7
29.hxg7 Re7xg7
30.Nh4g6 { resign }
1-0

[Event "Tourn. n7915"]
[Site "www.chess-mail.com"]
[Date "2014.12.23"]
[Round "1"]
[White "Norlavuaram"]
[Black "Apdash"]
[WhiteElo "2130"]
[BlackElo "2130"]
[Result "1-0"]
[Round "1"]
1.e4 c5
2.Ng1f3 d6
3.g3 Nb8c6
4.Bf1g2 Ng8f6
5.d3 e6
6.O-O Bf8e7
7.h3 h6
8.Nb1d2 Nc6d4
9.c3 Nd4xf3
10.Nd2xf3 Bc8d7
11.Bc1e3 Nf6h7
12.Qd1d2 Nh7g5
13.Nf3e1 e5
14.Kh2 Qd8c8
15.f4 Ng5xh3
16.fxe5 dxe5
17.Ne1f3 Nh3g5
18.Nf3xe5 Bd7e6
19.d4 cxd4
20.cxd4 Be7f6
21.Ra1c1 Qc8d8
22.Qd2b4 Bf6e7
23.Qb4b5 Kf8
24.d5 Be6c8
25.Ne5g6 Kg8
26.Ng6xh8 Kxh8
27.Rc1c2 Qd8d6
28.Qb5e8 Kh7
29.Rc2xc8 Ra8xc8
30.Qe8xc8 b6
31.Be3xg5 Be7xg5
32.Qc8f5 { resign }
1-0

[Event "Tourn. n7887"]
[Site "www.chess-mail.com"]
[Date "2014.12.23"]
[Round "1"]
[White "A27l"]
[Black "Zazi"]
[WhiteElo "1420"]
[BlackElo "1550"]
[Result "0-1"]
[Round "1"]
1.e4 c5
2.d3 d6
3.h3 e5
4.Ng1f3 Nb8c6
5.Bf1e2 g5
6.Nf3h2 f5
7.exf5 Bc8xf5
8.O-O Qd8f6
9.Be2g4 Ng8h6
10.Bg4xf5 Qf6xf5
11.Qd1f3 Nc6d4
12.Qf3xf5 Nd4xf5
13.Bc1xg5 Nh6f7
14.Bg5e3 Rh8g8
15.c4 Nf5d4
16.Be3xd4 cxd4
17.Nb1d2 Nf7g5
 { time }
0-1

[Event "Tourn. n7944"]
[Site "www.chess-mail.com"]
[Date "2014.12.23"]
[Round "1"]
[White "Dominiquer"]
[Black "Generalfree"]
[WhiteElo "1870"]
[BlackElo "1700"]
[Result "1-0"]
[Round "1"]
1.e4 e5
2.Ng1f3 Nb8c6
3.Bf1c4 Ng8f6
4.d4 exd4
5.O-O Nf6xe4
6.Rf1e1 f5
7.Bc1g5 Bf8e7
8.Bg5xe7 Qd8xe7
9.Nf3xd4 Nc6xd4
10.Qd1xd4 c5
11.Qd4d5 Rh8f8
12.f3 Qe7f6
13.Nb1c3 Kd8
14.fxe4 fxe4
15.Re1f1 Qf6e7
16.Nc3xe4 Rf8xf1
17.Ra1xf1 d6
18.Ne4xd6 Bc8e6
19.Nd6xb7 Kc7
20.Qd5xe6 Qe7xe6
21.Bc4xe6 { resign }
1-0

[Event "Tourn. n7822"]
[Site "www.chess-mail.com"]
[Date "2014.12.23"]
[Round "1"]
[White "Geretree"]
[Black "Anja"]
[WhiteElo "1800"]
[BlackElo "1720"]
[Result "1-0"]
[Round "1"]
1.e4 Ng8f6
2.e5 Nf6d5
3.Bf1c4 e6
4.d4 d6
5.Ng1f3 Nb8c6
6.Bc4xd5 exd5
7.Nb1c3 dxe5
8.dxe5 Bf8b4
9.Bc1d2 Bc8g4
10.h3 Bg4h5
11.g4 Bh5g6
12.a3 Bb4c5
13.Bd2g5 f6
14.exf6 gxf6
15.Bg5h4 Qd8e7
16.Kf1 O-O-O
17.Qd1d2 Qe7f7
18.Ra1e1 Bg6e4
19.Nc3xe4 Bc5e7
20.Ne4c3 Rh8e8
21.Bh4g3 f5
22.Qd2f4 Be7d6
23.Qf4xf5 Qf7xf5
24.gxf5 Re8f8
25.Nf3h4 Nc6d4
26.Nc3xd5 Kb8
27.Bg3xd6 Rd8xd6
28.c4 Nd4xf5
29.Nh4xf5 { resign }
1-0

[Event "Tourn. n7919"]
[Site "www.chess-mail.com"]
[Date "2014.12.23"]
[Round "1"]
[White "Mitja"]
[Black "Louis"]
[WhiteElo "1930"]
[BlackElo "1860"]
[Result "1-0"]
[Round "1"]
1.d4 f5
2.e3 e6
3.c3 Bf8e7
4.Ng1f3 Ng8f6
5.Nb1d2 O-O
6.Bf1c4 b6
7.Bc4b3 Bc8a6
8.Bb3c4 Ba6xc4
9.Nd2xc4 c5
10.dxc5 bxc5
11.O-O Nf6e4
12.Nc4d2 d5
13.Nd2xe4 fxe4
14.Nf3d2 Nb8d7
15.Nd2b3 Be7d6
16.Qd1g4 Rf8f6
17.Bc1d2 Rf6g6
18.Qg4e2 Qd8h4
19.g3 Nd7e5
20.Kh1 Qh4h3
21.Rf1g1 Ne5f3
22.Rg1g2 Rg6h6
23.Qe2f1 { resign }
1-0

[Event "Tourn. n7830"]
[Site "www.chess-mail.com"]
[Date "2014.12.23"]
[Round "1"]
[White "Andychesston"]
[Black "Falcoale"]
[WhiteElo "1860"]
[BlackElo "2050"]
[Result "0-1"]
[Round "1"]
1.e4 c5
2.Ng1f3 e6
3.d4 cxd4
4.Nf3xd4 Nb8c6
5.Bc1e3 Ng8f6
6.Nb1c3 Bf8b4
7.Nd4xc6 bxc6
8.Bf1d3 d5
9.O-O d4
10.Bd3c4 dxe3
11.Qd1xd8 Kxd8
12.Ra1d1 Ke7
 { time }
0-1

[Event "Tourn. n7862"]
[Site "www.chess-mail.com"]
[Date "2014.12.23"]
[Round "1"]
[White "Buliland"]
[Black "Ingauno64"]
[WhiteElo "2600"]
[BlackElo "2510"]
[Result "1/2-1/2"]
[Round "1"]
1.e4 Nb8c6
2.d4 e5
3.Ng1f3 exd4
4.Nf3xd4 Bf8b4
5.c3 Bb4c5
6.Nd4xc6 bxc6
7.Bf1d3 Ng8e7
8.O-O Ne7g6
9.Nb1d2 O-O
10.b4 Bc5b6
11.c4 d6
12.Nd2b3 c5
13.bxc5 { draw }
1/2-1/2

[Event "Tourn. n7807"]
[Site "www.chess-mail.com"]
[Date "2014.12.23"]
[Round "1"]
[White "Woodpusher2"]
[Black "George1955"]
[WhiteElo "2440"]
[BlackElo "2600"]
[Result "0-1"]
[Round "1"]
1.d4 Ng8f6
2.c4 g6
3.Nb1c3 d5
4.cxd5 Nf6xd5
5.e4 Nd5xc3
6.bxc3 Bf8g7
7.Qd1a4 Nb8d7
8.Ng1f3 O-O
9.Bc1g5 c5
10.Ra1c1 a6
11.Bf1d3 b5
12.Qa4a3 Bc8b7
13.O-O Rf8e8
14.Rf1d1 Qd8c7
15.g3 f5
16.Nf3d2 e5
17.d5 h6
18.Bg5e3 f4
19.d6 Qc7c6
20.gxf4 Qc6xd6
21.Nd2f3 Qd6c7
22.fxe5 c4
23.Bd3e2 Nd7xe5
24.Nf3d2 Ra8d8
25.Be3d4 Kh7
26.Rc1b1 Ne5f7
27.Qa3c5 Qc7xc5
28.Bd4xc5 Bg7xc3
29.Nd2xc4 Bb7xe4
30.Rb1c1 Rd8xd1
31.Be2xd1 Re8d8
32.Bd1c2 Be4b7
33.Nc4b6 Nf7g5
34.Rc1d1 Ng5f3
35.Kg2 Rd8d2
36.Rd1xd2 Nf3xd2
37.Kh3 Bb7f3
38.Nb6d7 Bf3d5
39.Nd7f8 Kg7
40.a3 a5
41.Bc2d3 Nd2e4
42.Bd3xe4 Bd5xe4
{ resign }
0-1

[Event "Match"]
[Site "www.echecsemail.com"]
[Date "2014.12.23"]
[Round "1"]
[White "Hardland"]
[Black "Generalfree"]
[WhiteElo "1800"]
[BlackElo "1700"]
[Result "0-1"]
[Round "1"]
1.c4 e5
2.Nb1c3 f5
3.e3 c6
4.Ng1f3 d6
5.Bf1e2 h6
6.O-O Bc8e6
7.d4 e4
8.Nf3d2 Ng8e7
9.f3 d5
10.c5 g5
11.b4 a6
12.a3 Bf8g7
13.Bc1b2 b5
14.a4 Nb8d7
15.a5 Nd7f6
16.Ra1b1 exf3
17.Nd2xf3 Nf6e4
18.Nf3d2 Ne4xc3
19.Bb2xc3 g4
20.Rf1e1 h5
21.Nd2f1 Qd8c7
22.g3 O-O-O
23.Nf1d2 h4
24.Nd2f1 hxg3
25.Nf1xg3 Rh8h3
26.Be2f1 Rh3h4
27.Bf1d3 Rd8h8
28.Rb1b2 Rh4xh2
29.Rb2xh2 Qc7xg3
30.Rh2g2 Qg3h3
31.Qd1c2 g3
32.Kf1 Qh3h1
33.Rg2g1 Qh1f3
{ resign }
0-1

[Event "Match"]
[Site "www.echecsemail.com"]
[Date "2014.12.23"]
[Round "1"]
[White "Tomasseeber"]
[Black "Karlgrocer"]
[WhiteElo "1809"]
[BlackElo "2020"]
[Result "1-0"]
[Round "1"]
1.Ng1f3 d5
2.e3 Ng8f6
3.c4 c6
4.Qd1b3 e6
5.d4 Nf6e4
6.Bf1d3 dxc4
7.Qb3xc4 Ne4f6
8.O-O Bf8e7
9.a4 O-O
10.a5 Nb8a6
11.Rf1d1 Bc8d7
12.Bc1d2 Na6c7
13.Bd2b4 a6
14.Bb4c5 Nc7d5
15.Qc4b3 Be7xc5
16.dxc5 Qd8e7
17.Qb3c4 Ra8b8
18.Nf3e5 h6
19.Nb1d2 Bd7c8
20.b4 Bc8d7
21.Nd2f3 Bd7e8
22.Qc4d4 Nf6d7
23.Bd3xa6 Nd7xe5
24.Qd4xe5 Rb8d8
25.Ba6xb7 Qe7xb7
26.e4 f6
27.Qe5b2 Be8f7
28.exd5 exd5
29.Nf3d4 Rd8a8
30.Qb2d2 Rf8e8
31.h3 Re8e6
32.Nd4xe6 Bf7xe6
33.Ra1a3 Qb7f7
34.a6 Ra8a7
35.Qd2f4 Qf7d7
36.Qf4b8 Kh7
37.Rd1e1 Be6f7
38.Ra3e3 Ra7xa6
39.Re3e7 Qd7f5
40.Re7xf7 Ra6a2
41.Rf7xg7 Kxg7
42.Re1e7 { resign }
1-0

[Event "Match"]
[Site "www.echecsemail.com"]
[Date "2014.12.23"]
[Round "1"]
[White "Tenzinnima"]
[Black "Spankstella"]
[WhiteElo "1499"]
[BlackElo "2240"]
[Result "1-0"]
[Round "1"]
1.d4 d5
2.Ng1f3 c5
3.e3 Nb8c6
4.c4 e6
5.Nb1c3 Ng8f6
6.a3 cxd4
7.exd4 Bf8e7
8.Bc1e3 O-O
9.Bf1d3 dxc4
10.Bd3xc4 b6
11.O-O Bc8b7
12.Qd1c2 Ra8c8
13.Bc4a2 Nc6a5
14.Qc2e2 Bb7d5
15.Nc3xd5 Nf6xd5
16.Qe2a6  { time }
1-0

[Event "Match"]
[Site "www.echecsemail.com"]
[Date "2014.12.23"]
[Round "1"]
[White "Castletyme"]
[Black "Calponas"]
[WhiteElo "1900"]
[BlackElo "2090"]
[Result "1/2-1/2"]
[Round "1"]
1.e4 c5
2.Ng1f3 d6
3.Bf1e2 Nb8c6
4.O-O g6
5.d3 Bf8g7
6.c3 e6
7.Nb1d2 Ng8e7
8.Nd2c4 b5
9.Nc4e3 Bc8d7
10.Rf1e1 Qd8c7
11.Qd1c2 b4
12.Bc1d2 a5
13.c4 O-O
14.Ra1b1 Nc6d4
15.Nf3xd4 Bg7xd4
16.b3 f5
17.exf5 Ne7xf5
18.Ne3xf5 exf5
19.Bd2h6 Rf8e8
20.Be2f3 Bd7c6
21.Bf3xc6 Qc7xc6
22.Bh6e3 Bd4c3
23.Be3d2 Bc3d4
24.Re1xe8 Ra8xe8
25.Rb1e1 Re8xe1
26.Bd2xe1 Qc6e8
27.Kf1 Qe8e5
28.Qc2e2 Kf7
29.g3 Kf6
30.f4 Qe5e3
31.Qe2xe3 Bd4xe3
32.Ke2 Be3d4
33.Kf3 h5
34.h3 Ke6
35.g4 hxg4
36.hxg4 d5
37.gxf5 gxf5
38.Be1h4 dxc4
39.dxc4 Bd4f6
40.Bh4xf6 Kxf6
{ draw }
1/2-1/2

[Event "Match"]
[Site "www.echecsemail.com"]
[Date "2014.12.23"]
[Round "1"]
[White "Apoorva"]
[Black "Guidom"]
[WhiteElo "2160"]
[BlackElo "2060"]
[Result "1-0"]
[Round "1"]
1.d4 d5
2.Ng1f3 c6
3.e3 Bc8g4
4.c4 e6
5.cxd5 exd5
6.Bf1e2 Ng8f6
7.O-O Bf8d6
8.Nb1d2 O-O
9.Nf3e5 Bg4xe2
10.Qd1xe2 Bd6xe5
11.dxe5 Nf6d7
12.f4 Qd8b6
13.Kh1 Rf8e8
14.Nd2f3 c5
15.b3 d4
16.exd4 cxd4
17.Bc1b2 Nb8c6
18.Rf1d1 d3
19.Rd1xd3 Nd7c5
20.Rd3d6 Ra8d8
21.Ra1d1 Rd8xd6
22.Rd1xd6 Qb6c7
23.Qe2c4 Nc5e6
24.g3 h6
25.Kg2 Qc7a5
26.a4 Qa5b4
27.Rd6xc6 { resign }
1-0

[Event "Match"]
[Site "www.echecsemail.com"]
[Date "2014.12.23"]
[Round "1"]
[White "Buliland"]
[Black "Krystek23"]
[WhiteElo "2640"]
[BlackElo "2330"]
[Result "0-1"]
[Round "1"]
1.d4 Ng8f6
2.c4 d6
3.Ng1f3 g6
4.Nb1c3 Bf8g7
5.g3 Nb8d7
6.Bf1g2 O-O
7.O-O c6
8.e4 e5
9.h3 Qd8c7
10.Bc1e3 exd4
11.Nf3xd4 Nf6e8
12.f4 h6
13.Qd1d2 Kh7
14.Ra1d1 Qc7a5
15.Qd2e2 Rf8g8
16.Rf1f2 Qa5c7
17.g4 Rg8f8
18.h4 Rf8h8
19.Bg2f3 Nd7f8
20.Rf2h2 Kg8
21.h5 Rh8h7
22.Qe2d2 gxh5
23.gxh5 Kh8
24.Kh1 Qc7e7
25.Rd1g1 Bg7f6
26.Rh2g2 Rh7g7
27.f5 Bf6e5
28.Bf3e2 Qe7h4
{ resign }
0-1

[Event "Match"]
[Site "www.echecsemail.com"]
[Date "2014.12.23"]
[Round "1"]
[White "Whitekknight"]
[Black "Faerieking"]
[WhiteElo "1900"]
[BlackElo "1499"]
[Result "0-1"]
[Round "1"]
1.e4 e5
2.Ng1f3 f5
3.Nf3xe5 Nb8c6
4.Ne5xc6 dxc6
5.Bf1c4 fxe4
6.Qd1h5 g6
7.Qh5e5 Qd8e7
8.Qe5xh8 Ng8f6
9.d3 Bc8f5
10.Bc1g5 exd3
11.Kd2 Qe7e2
12.Kc3 Qe2xc2
13.Kd4 O-O-O
{ resign }
0-1

[Event "Match"]
[Site "www.echecsemail.com"]
[Date "2014.12.23"]
[Round "1"]
[White "Glenno"]
[Black "Apoorva"]
[WhiteElo "2360"]
[BlackElo "2150"]
[Result "1/2-1/2"]
[Round "1"]
1.e4 c5
2.Ng1f3 Nb8c6
3.d4 cxd4
4.Nf3xd4 d6
5.Nb1c3 Bc8d7
6.Bf1b5 a6
7.Nd4xc6 bxc6
8.Bb5c4 e6
9.O-O d5
10.exd5 cxd5
11.Nc3xd5 exd5
12.Qd1xd5 Bd7e6
13.Qd5c6 Be6d7
14.Qc6d5 Bd7e6
15.Qd5c6 Be6d7
16.Qc6d5 Bd7e6
17.Qd5c6 Be6d7
{ draw }
1/2-1/2

[Event "Match"]
[Site "www.echecsemail.com"]
[Date "2014.12.23"]
[Round "1"]
[White "Joseph1983"]
[Black "Silent1"]
[WhiteElo "2190"]
[BlackElo "1830"]
[Result "1-0"]
[Round "1"]
1.d4 d5
2.c4 c6
3.e3 e6
4.Ng1f3 Bf8e7
5.Nb1c3 Ng8f6
6.Bf1d3 O-O
7.O-O dxc4
8.Bd3xc4 Nb8d7
9.e4 Nd7b6
10.Bc4d3 Be7b4
11.e5 Bb4xc3
12.bxc3 Nf6d5
13.Bd3xh7 Kh8
14.Nf3g5 Nd5xc3
15.Qd1h5 { resign }
1-0

[Event "Match"]
[Site "www.echecsemail.com"]
[Date "2014.12.23"]
[Round "1"]
[White "Andersspike"]
[Black "Micheles"]
[WhiteElo "1649"]
[BlackElo "2590"]
[Result "0-1"]
[Round "1"]
1.a3 Ng8f6
2.Ng1f3 d5
3.g3 c6
4.d3 Bc8g4
5.Bf1g2 Nb8d7
6.O-O e5
7.h3 Bg4h5
8.Nb1c3 Bf8e7
9.Nf3h4 O-O
10.Nh4f5 Rf8e8
11.Qd1e1 Nd7c5
12.Nf5xe7 Qd8xe7
13.e4 dxe4
14.dxe4 Nf6d7
15.Bc1e3 f6
16.f4 exf4
17.gxf4 Bh5g6
18.Ra1d1 Nd7b6
 { time }
0-1

[Event "Match"]
[Site "www.echecsemail.com"]
[Date "2014.12.23"]
[Round "1"]
[White "Parasquirrel"]
[Black "Nimzo"]
[WhiteElo "2280"]
[BlackElo "2640"]
[Result "0-1"]
[Round "1"]
1.e4 c5
2.d4 cxd4
3.c3 dxc3
4.Nb1xc3 e6
5.Ng1f3 a6
6.Bf1c4 b5
7.Bc4b3 Bc8b7
8.O-O Nb8c6
9.Nc3d5 Ng8e7
10.Nd5f4 Ne7g6
11.Nf4h5 Ng6h4
12.Nf3d4 Ra8c8
13.Nd4xc6 Bb7xc6
14.Qd1d4 Nh4g6
15.Nh5xg7 Bf8xg7
16.Qd4xg7 Bc6xe4
17.Rf1e1 Qd8h4
18.g3 Qh4g4
 { time }
0-1

[Event "Match"]
[Site "www.echecsemail.com"]
[Date "2014.12.23"]
[Round "1"]
[White "Drdoom"]
[Black "Generalfree"]
[WhiteElo "1700"]
[BlackElo "1680"]
[Result "0-1"]
[Round "1"]
1.e4 c5
2.c3 g6
3.d3 e5
4.Ng1f3 Bf8g7
5.Bc1e3 d6
6.Qd1d2 f6
7.h3 Ng8e7
8.c4 Nb8c6
9.a3 b6
10.Nb1c3 a6
11.b3 Bc8d7
12.Ra1b1 h6
13.Bf1e2 g5
14.g4 Ra8b8
15.b4 Nc6d4
16.bxc5 dxc5
17.Be2d1 Ne7c6
18.Nc3d5 Bd7e6
19.O-O Be6f7
20.Bd1a4 Nd4xf3
{ resign }
0-1

[Event "Match"]
[Site "www.echecsemail.com"]
[Date "2014.12.23"]
[Round "1"]
[White "Roque1"]
[Black "Castletyme"]
[WhiteElo "1790"]
[BlackElo "1900"]
[Result "0-1"]
[Round "1"]
1.e4 e6
2.d4 d5
3.e5 Nb8c6
4.Ng1f3 Ng8e7
5.Bf1b5 Bc8d7
6.O-O Ne7g6
7.Nb1c3 Bf8e7
8.Bb5d3 O-O
9.Nc3e2 Nc6b4
10.Bd3xg6 fxg6
11.a4 c5
12.c3 Nb4c6
13.Bc1g5 Be7xg5
14.Nf3xg5 Qd8xg5
15.Ne2g3 cxd4
16.cxd4 Rf8f4
17.Ng3e2 Rf4g4
 { time }
0-1

[Event "Match"]
[Site "www.echecsemail.com"]
[Date "2014.12.23"]
[Round "1"]
[White "Nestor"]
[Black "Apdash"]
[WhiteElo "2050"]
[BlackElo "2150"]
[Result "1/2-1/2"]
[Round "1"]
1.e4 c5
2.Ng1f3 d6
3.d4 cxd4
4.Nf3xd4 Nb8c6
5.Nb1c3 a6
6.Bf1c4 Nc6xd4
7.Qd1xd4 b5
8.Bc4d5 Ra8b8
9.O-O Bc8b7
10.Qd4a7 Bb7xd5
11.Nc3xd5 f6
12.f4 Kf7
13.Bc1e3 Rb8a8
14.Qa7d4 e6
15.Nd5c3 Ng8e7
16.Qd4d2 Qd8c7
17.f5 e5
18.Nc3d5 Qc7c6
19.Nd5b4 Qc6c7
20.Qd2e2 g6
21.Rf1d1 h5
22.Rd1d2 Bf8h6
23.Ra1d1 Bh6xe3
24.Qe2xe3 a5
25.fxg6 Kxg6
26.Rd2xd6 axb4
27.Rd6d7 Qc7xc2
28.Rd1d6 Kf7
29.Qe3f3 Rh8h6
30.Qf3f5 Ra8e8
31.Qf5e6 Kf8
32.Rd7xe7 Qc2c1
33.Kf2 Qc1f4
34.Ke2 Qf4xe4
35.Kd1 Qe4b1
36.Kd2 Qb1xb2
37.Kd1 Qb2b1
38.Kd2 Qb1b2
{ draw }
1/2-1/2

[Event "Match"]
[Site "www.echecsemail.com"]
[Date "2014.12.23"]
[Round "1"]
[White "Asoka"]
[Black "Stoper"]
[WhiteElo "2640"]
[BlackElo "2359"]
[Result "1-0"]
[Round "1"]
1.c4 e5
2.Nb1c3 Ng8f6
3.Ng1f3 Nb8c6
4.a3 g6
5.d3 Bf8g7
6.Bc1g5 h6
7.Bg5xf6 Qd8xf6
8.e3 O-O
9.Bf1e2 d6
10.O-O Qf6d8
11.Ra1c1 Nc6e7
12.Rf1e1 c6
13.d4 Qd8c7
14.d5 Bc8d7
15.Nf3d2 f5
16.e4 Ra8c8
17.Be2f3 Kh7
18.dxc6 Bd7xc6
19.b4 Bc6d7
20.Nd2f1 f4
21.Nf1d2 h5
22.Bf3e2 a6
{ time. }
1-0

[Event "Match"]
[Site "www.echecsemail.com"]
[Date "2014.12.23"]
[Round "1"]
[White "Generalfree"]
[Black "Falcoale"]
[WhiteElo "1770"]
[BlackElo "2070"]
[Result "0-1"]
[Round "1"]
1.e4 c5
2.c4 Nb8c6
3.a3 e6
4.f4 Ng8e7
5.Ng1f3 b6
6.d3 Bc8b7
7.Bc1d2 Ne7g6
8.g3 Ng6e7
9.b4 Ne7g6
10.b5 Nc6d4
11.Nf3xd4 cxd4
12.Rh1g1 Bf8c5
13.Bf1g2 O-O
14.h4 f5
15.e5 Bb7xg2
16.Rg1xg2 Qd8c7
17.h5 Ng6e7
18.g4 fxg4
19.Qd1xg4 Ne7f5
20.h6 g6
21.Rg2h2 d6
22.exd6 Bc5xd6
23.Ra1a2 Ra8e8
24.Bd2c1 Nf5e3
25.Bc1xe3 dxe3
26.Ra2g2 Rf8xf4
27.Qg4h5 Rf4f5
28.Rg2xg6 hxg6
29.Qh5xg6 Kh8
30.Qg6xe8 Rf5f8
31.Qe8xe6 Bd6xh2
32.Qe6xe3 Qc7d8
33.Qe3e4 Rf8e8
{ resign }
0-1

[Event "Match"]
[Site "www.echecsemail.com"]
[Date "2014.12.23"]
[Round "1"]
[White "Nestor"]
[Black "Muller42"]
[WhiteElo "2050"]
[BlackElo "1809"]
[Result "0-1"]
[Round "1"]
1.e4 c6
2.d4 d5
3.exd5 cxd5
4.c3 Nb8c6
5.Ng1f3 Ng8f6
6.Bf1b5 a6
7.Bb5a4 b5
8.Ba4b3 Bc8g4
9.O-O e6
10.h3 Bg4h5
11.Bc1f4 Bf8d6
12.Bf4g5 O-O
13.Nb1d2 Ra8c8
14.Bb3c2 h6
15.Bg5h4 Qd8c7
16.Qd1e2 Nc6xd4
17.Qe2d3 Nd4xc2
18.Qd3xc2 g5
19.Nf3xg5 hxg5
20.Bh4xg5 Bh5g6
21.Qc2d1 Nf6h7
22.Qd1g4 Nh7xg5
23.Qg4xg5 Bd6f4
24.Qg5g4 Bf4xd2
25.h4 Qc7f4
{ resign }
0-1

[Event "Match"]
[Site "www.echecsemail.com"]
[Date "2014.12.23"]
[Round "1"]
[White "Harrytheking"]
[Black "Razorboy"]
[WhiteElo "1820"]
[BlackElo "1770"]
[Result "1-0"]
[Round "1"]
1.c4 Ng8f6
2.h3 e5
3.Nb1c3 Bf8b4
4.a3 Bb4xc3
5.dxc3 d6
6.e3 Bc8f5
7.Bf1d3 Bf5xd3
8.Qd1xd3 Nb8c6
9.Ng1e2 e4
10.Qd3c2 Nc6e5
11.O-O Qd8d7
12.Ne2f4 O-O-O
13.Nf4d5 Nf6xd5
14.cxd5 f5
15.b4 g5
16.c4 Rd8f8
17.Bc1b2 Rh8g8
18.c5 f4
19.Qc2xe4 fxe3
20.Qe4xe3 Ne5c4
21.Qe3c3 Nc4xb2
22.Qc3xb2 Rf8f5
23.c6 bxc6
24.dxc6 Qd7xc6
25.Ra1c1 Qc6d7
26.Qb2b3 Rg8e8
27.b5 Rf5xb5
28.Qb3f3 Re8g8
29.a4 Rb5b7
30.a5 a6
31.Qf3d3 Rb7a7
32.Qd3b3 Rg8g6
33.Rf1d1 c5
34.Rc1b1 Ra7b7
35.Qb3d5 Rb7xb1
36.Rd1xb1 g4
37.Qd5a8 Kc7
38.Rb1b7 Kc6
39.Rb7xd7 Kxd7
40.hxg4 Rg6xg4
41.Qa8xa6 c4
42.Qa6b5 Ke7
43.Qb5b4 Rg4g5
44.a6 Rg5g8
45.a7 Rg8a8
46.Qb4b7 Ke6
47.Qb7xa8 c3
48.Qa8c6 { resign }
1-0

[Event "Eq:BEAC Hungary-Good team : "]
[Site "www.chess-mail.com"]
[Date "2014.12.23"]
[Round "1"]
[White "Andychesston"]
[Black "Anja"]
[WhiteElo "1980"]
[BlackElo "1779"]
[Result "0-1"]
[Round "1"]
1.e4 Ng8f6
2.Nb1c3 d5
3.Qd1f3 d4
4.Nc3d5 Nf6xd5
5.exd5 e6
6.Bf1c4 Bf8d6
7.Ng1e2 O-O
8.Ne2xd4 exd5
9.Bc4xd5 c6
10.Bd5e4 Nb8d7
11.O-O Nd7f6
12.Rf1e1 Bc8g4
13.Qf3d3 Qd8c7
14.g3 h5
15.f3 Bd6xg3
16.Re1e2 Nf6xe4
17.fxg4 Bg3f2
18.Kg2 Bf2xd4
19.Re2xe4 Bd4f6
20.gxh5 Ra8d8
21.Qd3h3 Bf6g5
22.d3 Qc7a5
23.Bc1xg5 Qa5xg5
24.Kh1 Qg5h6
25.Re4e2 Rd8d5
26.Re2e4 Rd5xh5
27.Qh3g3 f5
 { time }
0-1

[Event "Eq:Team USA-CONFOEDERATIONIS HELVETICAE : "]
[Site "www.chess-mail.com"]
[Date "2014.12.23"]
[Round "1"]
[White "Schwiizer"]
[Black "Preacher59"]
[WhiteElo "2660"]
[BlackElo "2020"]
[Result "1-0"]
[Round "1"]
1.e4 e6
2.d4 d5
3.Nb1c3 Bf8b4
4.a3 Bb4xc3
5.bxc3 dxe4
6.Qd1g4 Qd8f6
7.Qg4xe4 Nb8c6
8.Bf1d3 Ng8e7
9.Ng1f3 Ne7g6
10.h4 Qf6f5
11.Qe4xf5 exf5
12.h5 Ng6e7
13.O-O g6
14.Rf1e1 O-O
15.c4 Bc8d7
16.Ra1b1 Ra8b8
17.d5 Nc6d8
18.Re1xe7 Bd7e8
19.Bc1h6 { resign }
1-0

[Event "Fast Game"]
[Site "www.echecsemail.com"]
[Date "2014.12.23"]
[Round "1"]
[White "Attatroll"]
[Black "Fkarpov"]
[WhiteElo "1800"]
[BlackElo "1840"]
[Result "1-0"]
[Round "1"]
1.e4 c5
2.Nb1c3 e6
3.g4 Nb8c6
4.Bf1g2 Nc6e5
5.h3 d6
6.d3 Qd8b6
7.Nc3e2 Ng8e7
8.f4 Ne5c6
9.Ng1f3 Bc8d7
10.O-O O-O-O
11.Kh1 e5
12.f5 f6
13.g5 Nc6d4
14.Nf3xd4 exd4
15.gxf6 gxf6
16.Ne2f4 Kb8
17.Bc1d2 Qb6c7
18.Qd1h5 Bd7e8
19.Qh5e2 Be8f7
20.a4 Bf8h6
21.Nf4e6 Bf7xe6
22.Bd2xh6 Be6f7
23.a5 Rd8g8
24.a6 b6
25.Qe2f3 d5
26.Bh6f4 { resign }
1-0

[Event "Tourn. n7898"]
[Site "www.chess-mail.com"]
[Date "2014.12.24"]
[Round "1"]
[White "A27l"]
[Black "Tenzinnima"]
[WhiteElo "1420"]
[BlackElo "1499"]
[Result "0-1"]
[Round "1"]
1.c4 g6
2.d3 Bf8g7
3.e4 e6
4.Ng1f3 Ng8f6
5.Bf1e2 O-O
6.O-O d5
7.cxd5 exd5
8.exd5 Nf6xd5
9.a3 c6
10.h3 Nb8a6
11.Nf3h2 Qd8b6
12.Be2g4 Na6c5
13.Bg4xc8 Ra8xc8
14.Ra1a2 Nc5e6
 { time }
0-1

[Event "Tourn. n7902"]
[Site "www.chess-mail.com"]
[Date "2014.12.24"]
[Round "1"]
[White "A27l"]
[Black "Tenzinnima"]
[WhiteElo "1420"]
[BlackElo "1499"]
[Result "0-1"]
[Round "1"]
1.d4 Ng8f6
2.e3 e6
3.Ng1f3 b6
4.Bf1e2 Bc8b7
5.O-O c5
6.dxc5 Bf8xc5
7.b3 O-O
8.Bc1a3 Nb8a6
9.Ba3xc5 Na6xc5
10.c4 d5
11.h3 Qd8c7
12.Nf3h2 Ra8d8
13.Nh2g4 Nf6xg4
14.Be2xg4 dxc4
 { time }
0-1

[Event "Tourn. n7776"]
[Site "www.chess-mail.com"]
[Date "2014.12.24"]
[Round "1"]
[White "Georgepapi"]
[Black "Azulmarino"]
[WhiteElo "1560"]
[BlackElo "1550"]
[Result "1-0"]
[Round "1"]
1.e4 e5
2.Ng1f3 Nb8c6
3.Bf1c4 Ng8f6
4.Nf3g5 d5
5.exd5 Nc6d4
6.d6 Bc8e6
7.Ng5xe6 Nd4xe6
8.Bc4xe6 fxe6
9.dxc7 Qd8xc7
10.O-O h5
11.d3 e4
12.Rf1e1 Nf6g4
13.g3 Qc7b6
14.d4 Ra8d8
15.Re1xe4 Bf8c5
16.Qd1e2 Bc5e7
17.Re4xe6 Qb6c7
18.Bc1g5 Rd8d7
19.Nb1c3 Qc7a5
20.Re6xe7 Kf8
21.Re7xd7 Kg8
22.Qe2e8 Kh7
23.Qe8xh5 Ng4h6
24.Qh5xh6 { resign }
1-0